书目信息 |
| 题名: |
学校德育
|
|
| 作者: | 胡筠若 , 李意如 | |
| 分册: | ||
| 出版信息: | 北京 人民教育 1993 |
|
| 页数: | 254页 | |
| 开本: | 19cm | |
| 丛书名: | 师范教育丛书 | |
| 单 册: | ||
| 中图分类: | G651 | |
| 科图分类: | ||
| 主题词: | 教育--各级 | |
| 电子资源: | ||
| ISBN: | 7-107-10119-6 | |
| 000 | 00588nam0 2200217 450 | |
| 001 | 0753865015 | |
| 005 | 20070818145745.01 | |
| 010 | @a7-107-10119-6@d¥7.80 | |
| 100 | @a20070818d km y0chiy0120 ea | |
| 101 | 0 | @achi |
| 200 | 1 | @a学校德育@Axue xiao de yu@f李意如,胡筠若@Fli yi ru,hu jun ruo |
| 210 | @a北京@c人民教育@d1993 | |
| 215 | @a254页@d19cm | |
| 225 | 2 | @a师范教育丛书 |
| 410 | 0 | @12001 @a师范教育丛书 |
| 606 | 0 | @a教育@x各级 |
| 690 | @aG651@v3 | |
| 701 | 0 | @a胡筠若@Ahu jun ruo |
| 701 | 0 | @a李意如@Ali yi ru |
| 801 | 0 | @aCN@bPFT@c20070818 |
| 905 | @a213230@dG651@ee291@f1 | |
| 学校德育/李意如,胡筠若.-北京:人民教育,1993 |
| 254页;19cm.-(师范教育丛书) |
| ISBN 7-107-10119-6:¥7.80 |
| ● |
| 相关链接 |
|
|
|
|
正题名:学校德育
索取号:G651/e291
 
预约/预借
| 序号 | 登录号 | 条形码 | 馆藏地/架位号 | 状态 | 备注 |
| 1 | 6303529 | 263035290 | 教育系资料室/ [索取号:G651/e291] | 在馆 |